|
|
|
|
| LEADER |
01131nam a2200301 4500 |
| 001 |
ocm25262903 |
| 003 |
OCoLC |
| 005 |
20180501121907.0 |
| 008 |
920212s1991 ne b 001 0 eng d |
| 040 |
|
|
|a FHR
|b fre
|c FHR
|d OCL
|d MBU
|d OCLCQ
|d BAKER
|d YDXCP
|d ZWZ
|d OCLCQ
|d GrThAP
|
| 020 |
|
|
|a 0444891714
|
| 020 |
|
|
|a 9780444891716
|
| 035 |
|
|
|a (OCoLC)25262903
|
| 050 |
|
4 |
|a RM302.5
|b .S53 1991
|
| 096 |
|
|
|a QV 38
|f SID
|
| 049 |
|
|
|a TEFA
|
| 245 |
0 |
0 |
|a Side effects of drugs annual 15 :
|b a worldwide yearly survey of new data and trends /
|c ed. M.N.G. Dukes, J.K. Aronson.
|
| 260 |
|
|
|a Amsterdam ;
|a London ;
|a New York :
|b Elsevier,
|c 1991.
|
| 300 |
|
|
|a xxv, 586 p. ;
|c 25 cm
|
| 336 |
|
|
|a texte
|b txt
|2 rdacontent/fre
|
| 337 |
|
|
|a sans médiation
|b n
|2 rdamedia/fre
|
| 504 |
|
|
|a Notes bibliogr., Index.
|
| 650 |
1 |
2 |
|a Drug Therapy
|x adverse effects.
|
| 650 |
|
7 |
|a Médicaments
|x Effets indésirables.
|2 fmesh
|
| 650 |
|
7 |
|a Médicaments
|x Effets secondaires.
|2 ram
|
| 700 |
1 |
|
|a Dukes, M. N. G.
|q (Maurice Nelson Graham)
|
| 700 |
1 |
|
|a Aronson, J. K.
|
| 856 |
4 |
0 |
|u https://www.sciencedirect.com/science/bookseries/03786080/15
|z Full Text via HEAL-Link
|